Un arrollador triunfo electoral y una derrota nacional /

Gorde:
Xehetasun bibliografikoak
Egile nagusia: Moreno, Ismael
Formatua: Texto
Etiketak: Etiketa erantsi
Etiketarik gabe, Izan zaitez lehena erregistro honi etiketa jartzen!

MARC

LEADER 00000 a a2200000 04500
001 45421
003
040
100 |a Moreno, Ismael  
245 |a Un arrollador triunfo electoral y una derrota nacional /  |c Ismael Moreno  
773 |g volumen28, número333 ( , 2009), páginas 32-36  
999 |c 36125  |d 36125